A nikdy Ťa neopustím

Bibliographic Details
Main Author: Vašečka, Richard, 1973- (Author)
Format: Book
Language:Slovak
PhysicalDescription:191 s. 24 cm
Published: Žilina Milovať a ctiť OZ 2016
ISBN:9788097216627
Subjects:

MARC

LEADER 00000cam a2200000 a 4500
001 vtls011592897
003 SK-MaSNL
005 20260301042056.0
008 240318s2016 xo g n 000 0 slo
015 |a SNBA2017/02 
020 |a 9788097216627  |q (brožované) 
035 |a urn:nbn:sk:snk-am00dhk1 
035 |a urn:nbn:sk:snk-am3i2hs 
035 |a B2D31D56-B646-46A3-AF27-EE0958B717A7 
040 |a SNK  |b slo  |c SNK  |e AACR2 
041 0 |a slo 
044 |a xo  |c SK 
072 7 |a 316.8  |x Manželstvo a rodina. Sexuálne vzťahy  |2 konspekt 
072 7 |a 27-4  |x Praktická teológia. Morálna teológia  |2 konspekt 
080 |a 27-452  |2 2011 
080 |a 27-4  |2 2011 
080 |a (0:82-4)  |2 2011 
100 1 |a Vašečka, Richard,  |d 1973-  |4 aut  |9 209979 
245 1 0 |a A nikdy Ťa neopustím  |c Richard Vašečka 
260 |a Žilina  |b Milovať a ctiť OZ  |c 2016 
300 |a 191 s.  |c 24 cm 
504 |a Bibliogr. odkazy 
650 0 7 |a kresťanské manželstvo  |2 SNKPH  |9 658 
650 0 7 |a kresťanský život  |2 SNKPH  |9 1808 
650 0 7 |a Christian marriage  |2 SNKPHeng  |9 303613 
650 0 7 |a Christian life  |2 SNKPHeng  |9 265582 
655 7 |a eseje  |2 SNKPH  |9 57030 
655 7 |a Essays  |2 SNKPHeng  |9 267540 
852 |a Štátna vedecká knižnica v Banskej Bystrici 
919 |a 978-80-972166-2-7 
958 |a NB 
958 |a NT 
999 |c 590113  |d 592043 
952 |a SNK  |b SNK  |y PREZ  |7 0  |p 17A1219539  |o snkSC 172520  |i snk2017/759  |8 0  |0 0  |1 0  |4 0  |d 2017-01-11  |f 1  |l 0  |r 2025-09-10 00:00:00  |w 2026-02-23 
952 |a SNK  |b SNK  |y VYP  |7 0  |p 17A1219540  |o snkSC 172520 D1  |i snk2017/760  |8 0  |0 0  |1 0  |4 0  |d 2017-01-11  |l 0  |r 2026-02-23 15:21:44  |w 2026-02-23